00306nam a2200121 450000100040000000500170000400800410002103500030006204100070006524500410007226000540011330000170016732920230411085954.0060907n1996 dr spa   aES0 aDerecho de la inversión extranjera aSanto Domingo :bPellerano & Herrera,c1996?  ap.v. / 28 cm